SEED SCIENCE AND TECHNOLOGY (Record no. 21276)

MARC details
000 -LEADER
fixed length control field 00408nam a22001577a 4500
003 - CONTROL NUMBER IDENTIFIER
control field OSt
005 - DATE AND TIME OF LATEST TRANSACTION
control field 20211203094124.0
008 - FIXED-LENGTH DATA ELEMENTS--GENERAL INFORMATION
fixed length control field 211203b |||||||| |||| 00| 0 eng d
020 ## - INTERNATIONAL STANDARD BOOK NUMBER
International Standard Book Number 978-1-68286-154-7
040 ## - CATALOGING SOURCE
Transcribing agency HAWASSA UNIVERSITY
050 ## - LIBRARY OF CONGRESS CALL NUMBER
Classification number 631.52105/SEE
Item number 7
082 ## - DEWEY DECIMAL CLASSIFICATION NUMBER
Classification number 631.52105/SEE
Item number 7
245 ## - TITLE STATEMENT
Title SEED SCIENCE AND TECHNOLOGY
260 ## - PUBLICATION, DISTRIBUTION, ETC.
Place of publication, distribution, etc. NEW YORK
Name of publisher, distributor, etc. SYRAWOOD
Date of publication, distribution, etc. 2016
942 ## - ADDED ENTRY ELEMENTS (KOHA)
Source of classification or shelving scheme Dewey Decimal Classification
Koha item type Books like text book referance book
Suppress in OPAC No
Holdings
Withdrawn status Lost status Source of classification or shelving scheme Damaged status Not for loan Home library Current library Date acquired Total Checkouts Full call number Barcode Date last seen Copy number Price effective from Koha item type
    Dewey Decimal Classification     College of Agriculture Library College of Agriculture Library 12/03/2021   631.52105/SEE ALIB0013263 12/03/2021 1 12/03/2021 Books like text book referance book
    Dewey Decimal Classification     College of Agriculture Library College of Agriculture Library 12/03/2021   631.52105/SEE ALIB0013264 12/03/2021 2 12/03/2021 Books like text book referance book
    Dewey Decimal Classification     College of Agriculture Library College of Agriculture Library 12/03/2021   631.52105/SEE ALIB0013265 12/03/2021 3 12/03/2021 Books like text book referance book
    Dewey Decimal Classification     College of Agriculture Library College of Agriculture Library 12/03/2021   631.52105/SEE ALIB0013266 12/03/2021 4 12/03/2021 Books like text book referance book
    Dewey Decimal Classification     College of Agriculture Library College of Agriculture Library 12/03/2021   631.52105/SEE ALIB0013267 12/03/2021 5 12/03/2021 Books like text book referance book
    Dewey Decimal Classification     College of Agriculture Library College of Agriculture Library 12/03/2021   631.52105/SEE ALIB0013268 12/03/2021 6 12/03/2021 Books like text book referance book
    Dewey Decimal Classification     College of Agriculture Library College of Agriculture Library 12/03/2021   631.52105/SEE ALIB0013269 12/03/2021 7 12/03/2021 Books like text book referance book